Catálogo

PRINCIPIOS DE CONTABILIDAD (Registro nro. 28451)

Detalles MARC
000 -LEADER
fixed length control field 00437nam a2200169 a 4500
001 - CONTROL NUMBER
control field 28451
005 - DATE AND TIME OF LATEST TRANSACTION
control field 20180713231333.0
008 - FIXED-LENGTH DATA ELEMENTS--GENERAL INFORMATION
fixed length control field 140415s1995 mx 000 0 spa d
020 ## - INTERNATIONAL STANDARD BOOK NUMBER
International Standard Book Number 6789012345
041 ## - LANGUAGE CODE
Language code of text/sound track or separate title spa
082 ## - DEWEY DECIMAL CLASSIFICATION NUMBER
Classification number 657
Item number ROM
100 1# - MAIN ENTRY--PERSONAL NAME
Personal name Romero López, Álvaro Javier,.
245 10 - TITLE STATEMENT
Title PRINCIPIOS DE CONTABILIDAD
250 ## - EDITION STATEMENT
Edition statement 1a ed.
260 ## - PUBLICATION, DISTRIBUTION, ETC.
Place of publication, distribution, etc. MEXICO :
Name of publisher, distributor, etc. MC GRAW HILL,
Date of publication, distribution, etc. 1995
650 14 - SUBJECT ADDED ENTRY--TOPICAL TERM
Topical term or geographic name entry element CONTABILIDAD
Existencias
Withdrawn status Lost status Source of classification or shelving scheme Damaged status Not for loan Collection code Home library Current library Shelving location Date acquired Source of acquisition Total Checkouts Full call number Barcode Price effective from Koha item type
    Dewey Decimal Classification     General Tehuacán Tehuacán Sala general 03/12/2013 Compra   657 ROM 502076 03/12/2013 Libro